02743cam a22002898i 4500999001700000008004000017020002900057041000800086082001900094245005400113250001200167260003500179300003600214490007500250504005100325505059100376520115100967650002102118650002402139700002802163700002902191700003502220700003102255700002602286942000702312952013402319 c26641d26641200514s2020 ii b 001 0 eng  a9780815357124cGBP 96.000 aeng00223a532bA545110aComputational fluid mechanics and heat transfer / a4th ed. aBoca Raton,bCRC press,c2021. axxviii, 946 p. :bill., c27 cm0 aComputational and physical processes in mechanics and thermal sciences aIncludes bibliographical references and index.0 aPart I: Fundamentals. 1. Introduction. 2. Partial Differential Equations. 3. Basics of Discretization Methods. 4. Application of Numerical Methods to Selected Model Equations. Part II: Application of Numerical Methods to the Equations of Fluid Mechanics and Heat Transfer. 5. Governing Equations of Fluid Mechanics and Heat Transfer. 6. Numerical Methods for Inviscid Flow Equations. 7. Numerical Methods for Boundary-Layer-Type Equations. 8. Numerical Methods for the "Parabolized" Navier–Stokes Equations. 9. Numerical Methods for the Navier–Stokes Equations. 10. Grid Generation. aComputational Fluid Mechanics and Heat Transfer, Fourth Edition is a fully updated version of the classic text on finite-difference and finite-volume computational methods. Divided into two parts, the text covers essential concepts in the first part, and then moves on to fluids equations in the second. Designed as a valuable resource for practitioners and students, new examples and homework problems have been added to further enhance the student’s understanding of the fundamentals and applications. Provides a thoroughly updated presentation of CFD and computational heat transfer Covers more material than other texts, organized for classroom instruction and self-study Presents a wide range of computation strategies for fluid flow and heat transfer Includes new sections on finite element methods, computational heat transfer, and multiphase flows Features a full Solutions Manual and Figure Slides for classroom projection Written as an introductory text for advanced undergraduates and first-year graduate students, the new edition provides the background necessary for solving complex problems in fluid mechanics and heat transfer. 0aFluid mechanics. 0aHeatxTransmission. aAnderson, Dale A.95538 aTannehill, John C.955391 aPletcher, Richard H.,eauthor. aMunipalli, Ramakanth95540 aShankar, Vijaya95541 cBK 00102ddc406532_000000000000000_A545170951402aCLbCLcREFd2023-06-23e4g6156.93o532 A5451p14095r2023-06-23v9705.13yBK